000 00920nam a2200241Ia 4500
003 GCL
008 140319s9999 xx 000 0 ara d
020 _a5305673977
040 _aGCL /
_cGCL
082 0 4 _a338.925
_bر ت
100 1 _aرفعت عبدالحليم الفاعورى
245 1 0 _aتجارب عربية فى الخصخصة /
_cرفعت عبدالحليم الفاعورى
250 _aالاولى
260 _aالقاهرة :
_bالمنظمة العربية للتنمية الادارية ،
_c2004
300 _a211 ص ؛
_c24 سم
490 _aبحوث و دراسات
_v0
650 0 4 _aالتنمية الاقتصادية
650 0 4 _aالخصخصة
650 0 4 _aمصر - الاحوال الاقتصادية
650 0 4 _aالخليج العربى - التنمية الاقتصادية
650 0 4 _aالعالم العربى - الاحوال الاقتصادية
942 _2ddc
_cBK
999 _c5920
_d5920